| 000 | 00000nam 2200000za 4500 |
| 001 | 9.815287 |
| 003 | CaOODSP |
| 005 | 20221107141959 |
| 007 | cr ||||||||||| |
| 008 | 160414s1995 onc |o f|0| 0 eng d |
| 020 | |z0-660-15569-9 |
| 040 | |aCaOODSP|beng |
| 043 | |an-cn--- |
| 086 | 1 |aCS89F0031/1995E-PDF |
| 100 | 1 |aKelly, Karen. |
| 245 | 10|aCollecting census data on Canada's visible minority population |h[electronic resource] : |ba historical perspective / |cKaren Kelly. |
| 260 | |aOttawa : |bStatistics Canada, |c1995. |
| 300 | |a46 p. : |btables. |
| 500 | |aIssued also in French under title: Collecte des données du recensement sur les personnes appartenant à des minorités visibles au Canada : perspective historique. |
| 500 | |aDigitized edition from print [produced by Statistics Canada]. |
| 500 | |a"March 1995." |
| 504 | |aIncludes bibliographic references. |
| 692 | 07|2gccst|aCensus data |
| 692 | 07|2gccst|aVisible minorities |
| 710 | 2 |aStatistics Canada. |
| 775 | 08|tCollecte des données du recensement sur les personnes appartenant à des minorités visibles au Canada |w(CaOODSP)9.815306 |
| 856 | 40|qPDF|s1.21 MB|uhttps://publications.gc.ca/collections/collection_2016/statcan/CS89F0031-1995-eng.pdf |